000 01073cad a22002175a 4500
001 L155916
008 120420e20120217 d f s i000 0 eng d
035 _a(Sirsi) u155916
041 0 _aeng
110 2 _aEurostat
_91416
245 0 0 _aConstruction output down by 7.1% in euro area
_h[electronic resource]
260 _c2012
490 0 _aEurostat News Release
_v(58/2012) 18 April 2012
520 _aIn the construction sector, seasonally adjusted production fell by 7.1% in the euro area and by 3.7% in the EU27 in February 2012, compared with the previous month. In January 2012, production decreased by 0.5% and 3.9% respectively. Compared with February 2011, output in February 2012 dropped by 12.9% in the euro area and by 9.4% in the EU27.
590 _aKA
650 2 4 _aEUROSTAT MONTHLY CONSTRUCTION INDEX
651 4 _aEurope
690 _aConstruction management
_96230
856 4 0 _uhttps://epp.eurostat.ec.europa.eu/cache/ITY_PUBLIC/4-18042012-AP/EN/4-18042012-AP-EN.PDF
_zView the item free of charge at http://epp.eurostat.ec.europa.eu
942 _n0
999 _c113917
_d113917